00620nam a2200169 4500001000700000003000900007005001700016007000300033008004100036100003800077245005100115260007100166300004000237852003200277999001900309952012200328120694ES-MaACL20230906191613.0t|070214s1970 sp r ||||1| spa d1 aPradera, Francisco Javier.99358910aPatrones de vela / cFrancisco Javier Pradera. aSan Sebastián : b[s. n.], c1970 (eZarauz : fImp. Icharopena) a152 p., 1 lám. : bil. ; c18 cm. aES-MaACLjC-48193 bR.73071 c120694d120694 00104070aATENEOMbATENEOMcDEPO2d2008-01-17eSCl0oC-48193p1125802r2023-02-23 00:00:00w2023-02-23yMONOGRAFIA